Материалы для статьи электронные ускорители на высокие энергии (1959-1960гг.)

Bibliographic Details
Corporate Author: Томский политехнический институт (ТПИ) (595)
Summary:[Ст. А. А. Воробьева и И. М. Тернова]
Language:Russian
Published: Томск, 1961
Subjects:
Format: Book
KOHA link:https://koha.lib.tpu.ru/cgi-bin/koha/opac-detail.pl?biblionumber=185778

MARC

LEADER 00000nbm0a2200000 4500
001 185778
005 20231031173106.0
035 |a (RuTPU)RU\TPU\book\201562 
090 |a 185778 
100 |a 20101014d1961 m y0rusy50 ca 
101 0 |a rus 
102 |a RU 
105 |a a z 000zy 
200 1 |a Материалы для статьи электронные ускорители на высокие энергии (1959-1960гг.)  |f Томский политехнический институт (ТПИ) 
210 |a Томск  |d 1961 
215 |a 146 с. 
300 |a [Ст. А. А. Воробьева и И. М. Тернова] 
610 1 |a научные статьи 
610 1 |a электронные ускорители 
610 1 |a физические проблемы 
610 1 |a ядерная физика 
610 1 |a международные конференции 
610 1 |a электроны 
610 1 |a высокие энергии 
610 1 |a синхротроны 
610 1 |a синхрофазотроны 
610 1 |a рукописные работы 
675 |a 539.1.076.61  |v 3 
712 0 2 |a Томский политехнический институт (ТПИ)  |c (1944-1991)  |2 stltpush  |3 (RuTPU)RU\TPU\col\1123  |4 595 
801 1 |a RU  |b 63413507  |c 20101014 
942 |c BK